[Event "NOR-chT Clubs"]
[Site "Drammen"]
[Date "2022.05.26"]
[Round "6"]
[White "Piiksi, Sondre"]
[Black "Myhre, Arild"]
[Result "1-0"]
[WhiteElo "1386"]
[BlackElo "1189"]
[PlyCount "51"]
[EventDate "2022.05.26"]
[EventType "team-swiss"]
[EventRounds "6"]
[EventCountry "NOR"]
[SourceTitle "EXT 2024"]
[Source "ChessBase"]
[SourceDate "2023.10.10"]
[SourceVersion "1"]
[SourceVersionDate "2023.10.10"]
[SourceQuality "1"]
[WhiteTeam "Fredriksstad"]
[BlackTeam "Kristiansund Hobby"]
[WhiteTeamCountry "NOR"]
[BlackTeamCountry "NOR"]

1. e4 d6 2. d4 Nf6 3. Nc3 Nbd7 4. Nf3 e5 5. dxe5 dxe5 6. Bg5 Be7 7. Bc4 c6 8. 0-0 b5 9. Bb3 a5 10. Bxf6 Bxf6 11. Qd6 Bb7 12. Rad1 Rf8 13. a4 b4 14. Ne2 c5 15. Ng3 Be7 16. Qd3 Ba6 17. Nf5 Rg8 18. Qd5 c4 19. Bxc4 Bxc4 20. Qxc4 Qc8 21. Qd5 Nb6 22. Qb5+ Nd7 23. Nxe5 Ra7 24. Nxe7 Kxe7 25. Nc6+ Ke8 26. Nxa7 1-0